000 00703cam a22002533a 4500
001 24721
003 PGUSA
005 20140828083531.0
008 080301s2008||||xxu|||||s|||||000 1 eng d
040 _aPGUSA
_beng
042 _adc
050 4 _aPS
100 1 _aHerbert, Frank,
_d1920-1986
245 1 0 _aOperation Haystack
_h[electronic resource] /
_cFrank Herbert
260 _bProject Gutenberg,
_c2008
506 _aPublic domain in the USA.
516 _aElectronic text
653 _aScience fiction, American
653 _aConspiracies -- Fiction
700 1 _aDongen, H. R. van
830 0 _aProject Gutenberg
_v24721
856 4 0 _uhttp://www.gutenberg.org/ebooks/24721
942 _cEB
999 _c253976
_d253976